000 00799cab a2200217 4500
001 WB3413-17
008 090401t1998 xxu||||| |||| 00| 0 eng d
035 _a(Sirsi) u85433
041 _aeng
245 _aInternational project finance
260 _c1998
350 _a0
490 _aFinancial Times
_v3 April 1998, 11-14(4) LOAN
520 _aA global assessment of the international project finance market focusing on North America, Latin America, Europe, the Private Finance Initiative in the UK. Looks at the providers of project finance and the emergence of project bonds for financing capital market schemes.
650 _aNORTH AMERICA
650 _aPFI
650 _aPROJECT FINANCE
690 _aPROPERTY-PROPERTY FINANCE AND INVESTMENT
942 _n0
948 _c03/04/1998
999 _c53724
_d53724